| 000 | 00501nam a2200169Ia 4500 | ||
|---|---|---|---|
| 999 |
_c53143 _d53143 |
||
| 003 | GCL | ||
| 005 | 20240530105110.0 | ||
| 008 | 140319s9999 xx 000 0 ara d | ||
| 040 |
_aGCL / _cGCL |
||
| 082 | 0 | 4 |
_a229.7 _bع ق |
| 100 | 1 | _aعبدالقادر حسين | |
| 245 | 1 | 0 |
_aالقران اعجازه وبلاغته/ _cعبدالقادر حسين |
| 260 |
_a[S.N] : _bالمطبعة النموذجية ، _c1975 |
||
| 300 | _a236 ص | ||
| 650 | 0 | 4 | _aالقران - بلاغة |
| 942 |
_2ddc _cBK |
||